| 000 | 00774nam a2200205 a 4500 | ||
|---|---|---|---|
| 001 | 000044877 | ||
| 005 | 20201002045711.0 | ||
| 008 | 150115s2014 dr ac 000 0 spa d | ||
| 020 | _a9789945166385 | ||
| 040 |
_aDO-SdBNP _bspa _cBNPHU |
||
| 082 |
_axxxx _bxxxx |
||
| 100 | 1 |
_aFernández García, Holvin _972883 |
|
| 245 | 1 | 0 |
_a¡Busquemos todos ahora nuestro peso ideal! : _b"wo" / _cHolvin Fernández García ; editores Lida Marta Cotto Luna, Lida Marta Luna Colón. |
| 260 |
_aSanto Domingo : _bBúho, _c2014. |
||
| 300 |
_a205 p. : _bil., retrs. ; _c22 cm. |
||
| 500 | _aIncluye datos biográficos del autor en la contracubierta | ||
| 504 | _aBibliografía: p. 197-205 | ||
| 700 | 1 |
_aCotto Luna, Lida Marta, _eed. _972884 |
|
| 700 | 1 |
_aLuna Colón, Lida Marta, _eed. _972885 |
|
| 999 |
_c44366 _d44366 |
||